LEADER 04925nam 2200457 450 001 9910831180103321 005 20200818210913.0 010 $a1-119-38922-4 010 $a1-119-38921-6 010 $a1-119-38923-2 035 $a(CKB)4100000010870864 035 $a(MiAaPQ)EBC6187426 035 $a(EXLCZ)994100000010870864 100 $a20200818d2020 uy 0 101 0 $aeng 135 $aurcnu|||||||| 181 $ctxt$2rdacontent 182 $cc$2rdamedia 183 $acr$2rdacarrier 200 00$aFlexible bronchoscopy /$fedited by Ko-Pen Wang, Atul C. Mehta, J. Francis Turner 205 $aFourth edition. 210 1$aHoboken, New Jersey ;$aChichester, West Sussex, England :$cWiley-Blackwell,$d[2020] 210 4$dİ2020 215 $a1 online resource (934 pages) 311 $a1-119-38905-4 320 $aIncludes bibliographical references and index. 327 $aA Short History of Flexible Bronchoscopy / HD Becker -- Professor Ikeda's Genius - The Flexible Bronchoscope & Flexible Bronchoscopy Training / Akulian J, Feller-Kopman D -- Applied Anatomy & Physiology of the Airways / Atul C. Mehta, and J. Francis Turner Jr. -- Infection Control and Radiation Safety in the Bronchoscopy Suite / Jain P, Mehta AC -- Anesthesia for Bronchoscopy / Moore BA, Turner JF, Wang KP -- Indications and Contraindications in Flexible Bronchoscopy / Robert F. Browning Jr, J. Francis Turner Jr, Ko-Pen Wang -- Radial-Probe Ultrasonography in Flexible Bronchoscopy / Kurimoto N, Isobe T, Inoue T, Miyazawa T -- Linear-Probe Ultrasonography in Flexible Bronchoscopy / Pattison A, Yasufuku K -- Early Diagnosis of Lung Cancer : Autofluorescence Bronchoscopy, Narrowband Imaging, Optical Coherence Tomography, Elastography / Meyers R, Lam S -- Electromagnetic Navigation Bronchoscopy / Leon CA, Gildea TR -- Virtual Bronchoscopic Navigation / Baveja S, Hohenforst-Schmidt W, Turner JF, Wang KP -- Indirect Laryngoscopy: Anatomy and Use of the Flexible Bronchoscope / Carlson E, Schlieve T -- Bronchoscopy for Airway Lesions : Washing, Brushing and Endobronchial Biopsy / HD Becker -- Bronchoalveolar Lavage / Wei Z, Huang Y, Helmers R -- Bronchoscopic Lung Biopsy / McKayS, BrowningRF, TurnerJF, Wang KP -- Transbronchial needle aspiration for cytology and histology specimens / Xia Y, Turner JF, Mehta AC, Wang KP -- Staging of Bronchogenic Carcinoma : Our Path from 1994 to now. / JF Turner, Ko-Pen Wang -- The Future of Interventional Pulmonology / Sagar AE, Ost D -- Application of Laser, Electrocautery, Argon Plasma Coagulation, Radiofrequency Ablation, and Cryotherapy in Flexible Bronchoscopy / Khemasuwan D, Bilaceroglu S -- Endobronchial Brachytherapy, Placement of Fiducial Markers, Radiofrequency Ablation and Microwave Therapy / Michael A. Jantz -- Foreign Body Removal and Flexible Bronchoscopy / Folch EE, RabinAS -- The Role of Bronchoscopy in Hemoptysis / Zhou GW, Huang H, Bai C, Patel SR -- Endobronchial Stents / Murgu SD, Kurman JS, Turner JF, Mehta AC, Wang KP -- Balloon Bronchoplasty / Bevill B, Paoletti L, Pastis N -- Rigid Bronchoscopy / J. Francis Turner Jr and Ko-Pen Wang -- Pediatric Flexible Fiberoptic Bronchoscopy / Liu X, Meng C, Ma J, Zhao S -- Bronchoscopy in the Intensive Care Unit / Sadoughi A, Chen A -- Endoscopic Management of Asthma / Chrissian AA, Makani S, Simoff M -- Endoscopic Management of Emphysema / Gasparini S, Bonifazi M -- Endoscopic Management of Bronchopleural Fistulas / Ming-yao K, Huang H, Turner JF -- Clinical Management of Benign Airway Stenosis and Tracheobronchomalacia / Xia Y, Li Q 330 $a"With the development of new instruments and the refining of new techniques, flexible bronchoscopy has become one of the most frequently performed invasive procedures in pulmonary medicine. This fourth edition of Flexible Bronchoscopy is an essential addition to the bronchoscopist's bookshelf, with four new chapters and fully updated content. It highlights possible complications, contra-indications and precautions. In addition it addresses all current techniques and future technologies in interventional bronchoscopy. For ease of use Flexible Bronchoscopy is divided into four major sections: Fundamentals of Bronchoscopy, Diagnostic Bronchoscopy, Therapeutic Bronchoscopy, Special Considerations. Flexible Bronchoscopy is an ideal training manual for all respiratory and pulmonary physicians, as well as trainees and residents working in the field of respiratory medicine, who need to develop the skill of interventional bronchoscopy"--$cProvided by publisher. 606 $aBronchoscopy 615 0$aBronchoscopy. 676 $a616.2307545 702 $aWang$b Ko Pen 702 $aMehta$b Atul C. 702 $aTurner$b J. Francis$cJr., 801 0$bMiAaPQ 801 1$bMiAaPQ 801 2$bMiAaPQ 906 $aBOOK 912 $a9910831180103321 996 $aFlexible bronchoscopy$9837818 997 $aUNINA LEADER 02056oas 2200697 a 450 001 9910142293703321 005 20251106213014.0 011 $a1933-2947 035 $a(OCoLC)70162020 035 $a(CONSER) 2006231351 035 $a(CKB)1000000000314393 035 $a(EXLCZ)991000000000314393 100 $a20060622b19812005 sa a 101 0 $aeng 135 $auran||||||||| 181 $ctxt$2rdacontent 182 $cc$2rdamedia 183 $acr$2rdacarrier 200 10$aWater resources data$iArizona 210 $aTucson, AZ $cU.S. Dept. of the Interior, U.S. Geological Survey$d-2006 215 $avolumes $cdigital, PDF files 225 1 $aWater-data report 311 08$a1933-2939 410 0$aU.S. Geological Survey water-data report. 606 $aWater-supply$zArizona$vStatistics$vPeriodicals 606 $aStream measurements$zArizona$vStatistics$vPeriodicals 606 $aWater quality$zArizona$vStatistics$vPeriodicals 606 $aStream measurements$2fast$3(OCoLC)fst01134581 606 $aWater quality$2fast$3(OCoLC)fst01171832 606 $aWater-supply$2fast$3(OCoLC)fst01172350 607 $aArizona$2fast$1https://id.oclc.org/worldcat/entity/E39PBJhhp8pvjTpdWcMDRwwXBP 608 $aPeriodicals.$2fast 608 $aStatistics.$2fast 608 $aStatistics.$2lcgft 608 $aPeriodicals.$2lcgft 615 0$aWater-supply 615 0$aStream measurements 615 0$aWater quality 615 7$aStream measurements. 615 7$aWater quality. 615 7$aWater-supply. 676 $a553 712 02$aGeological Survey (U.S.).$bWater Resources Division. 801 0$bGPO 801 1$bGPO 801 2$bNSD 801 2$bOCLCQ 801 2$bGPO 801 2$bOCLCQ 801 2$bOCLCO 801 2$bOCLCF 801 2$bGILDS 801 2$bOCLCO 801 2$bOCLCA 801 2$bOCLCQ 801 2$bOCLCL 801 2$bOCLCQ 906 $aJOURNAL 912 $a9910142293703321 996 $aWater resources data$91982357 997 $aUNINA